00749nam a2200193 i 450000100060000000300090000600500170001500700030003200800410003510000390007624500950011526000730021030000390028360000400032265000330036285200220039599900170041795201210043434205ES-MaACL20230906154907.0t|030204s1909 sp ||||1| spa d1 aBlanco y Sánchez, Rufino.92931110aPestalozzi b: su vida y sus obras : Pestalozzi en España / cRufino Blanco y Sánchez. aMadrid : b[s.n., c1909] (fTipografía de la Revista de Archivos) aVIII, 504 p., 15 lám. ; c17 cm.04aPestalozzi, Johann Heinrich.991453 4aMétodo Pestalozzi.9154052 aES-MaACLjF-11283 c34205d34205 00104070aATENEOMbATENEOMcSPP2d2008-01-17eSCl0oF-11283p1035668r2023-02-23 00:00:00w2023-02-23yMONOGRAFIA